Elenco comuni italiani -Lettere Q, R - Statistics

Statistiche generali
  • Questo quiz è stato fatto 44 volte
  • Il punteggio medio è 51 su 412
Statistiche sulle risposte
Comune Provincia Regione Abitanti % Corretto
Rho Milano Lombardia 50742
95%
Ravenna (capoluogo di provincia) Emilia-Romagna 156463
91%
Re Verbano-Cusio-Ossola Piemonte 692
91%
Reggio di Calabria (capoluogo di provincia) Calabria 173026
91%
Rieti (capoluogo di provincia) Lazio 45907
91%
Rimini (capoluogo di provincia) Emilia-Romagna 150240
91%
Rovigo (capoluogo di provincia) Veneto 50535
91%
Ragusa (capoluogo di provincia) Sicilia 72579
86%
Reggio nell'Emilia (capoluogo di provincia) Emilia-Romagna 170601
86%
Roma (capoluogo di provincia) Lazio 2770226
86%
Quart Aosta Valle d'Aosta 4101
82%
Quartu Sant'Elena Cagliari Sardegna 68640
82%
Rossa Vercelli Piemonte 183
77%
Rapallo Genova Liguria 29148
73%
Rovereto Trento Trentino-Alto Adige 39954
73%
Riccione Rimini Emilia-Romagna 34942
68%
Rosà Vicenza Veneto 14599
68%
Recco Genova Liguria 9442
64%
Riva del Garda Trento Trentino-Alto Adige 17646
64%
Roccaraso L'Aquila Abruzzo 1548
64%
Ruvo di Puglia Bari Puglia 24611
64%
Reggiolo Reggio Emilia Emilia-Romagna 9072
59%
Rivoli Torino Piemonte 47807
59%
Rosarno Reggio Calabria Calabria 14561
59%
Rozzano Milano Lombardia 41844
59%
Rocca di Papa Roma Lazio 16999
55%
Roddi Cuneo Piemonte 1590
55%
Racalmuto Agrigento Sicilia 7603
50%
Ramacca Catania Sicilia 10377
50%
Ravello Salerno Campania 2403
50%
Rocca di Mezzo L'Aquila Abruzzo 1387
50%
Rose Cosenza Calabria 4188
50%
Roseto degli Abruzzi Teramo Abruzzo 25429
50%
Rapolla Potenza Basilicata 4146
45%
Recanati Macerata Marche 20865
45%
Riace Reggio Calabria Calabria 1856
45%
Roccella Ionica Reggio Calabria Calabria 6209
45%
Quarto Napoli Campania 40819
41%
Rapolano Terme Siena Toscana 5174
41%
Rende Cosenza Calabria 35725
41%
Rio Livorno Toscana 3348
41%
Rocca di Cambio L'Aquila Abruzzo 486
41%
Rocca Priora Roma Lazio 11978
41%
Rocca Sinibalda Rieti Lazio 783
41%
Randazzo Catania Sicilia 10324
36%
Rignano Flaminio Roma Lazio 10005
36%
Rivisondoli L'Aquila Abruzzo 673
36%
Roccasecca Frosinone Lazio 7016
36%
Rodi Garganico Foggia Puglia 3401
36%
Rubiera Reggio Emilia Emilia-Romagna 14869
36%
Russi Ravenna Emilia-Romagna 12136
36%
Recoaro Terme Vicenza Veneto 6140
32%
Rivolta d'Adda Cremona Lombardia 8044
32%
Roncà Verona Veneto 3740
32%
Rovato Brescia Lombardia 19189
32%
Ricadi Vibo Valentia Calabria 4805
27%
Riese Pio X Treviso Veneto 10938
27%
Roccagorga Latina Lazio 4199
27%
Roncade Treviso Veneto 14668
27%
Ronciglione Viterbo Lazio 8343
27%
Rea Pavia Lombardia 402
23%
Renate Monza e della Brianza Lombardia 4056
23%
Rezzato Brescia Lombardia 13341
23%
Riano Roma Lazio 10274
23%
Riesi Caltanissetta Sicilia 10697
23%
Riomaggiore Spezia Liguria 1392
23%
Rionero in Vulture Potenza Basilicata 12652
23%
Riposto Catania Sicilia 13969
23%
Rive Vercelli Piemonte 426
23%
Robbio Pavia Lombardia 5733
23%
Romano di Lombardia Bergamo Lombardia 20482
23%
Ronchi dei Legionari Gorizia Friuli-Venezia Giulia 11851
23%
Ronco Scrivia Genova Liguria 4192
23%
Rosolina Rovigo Veneto 6295
23%
Rutigliano Bari Puglia 18374
23%
Quistello Mantova Lombardia 5315
18%
Racale Lecce Puglia 10634
18%
Rialto Savona Liguria 558
18%
Riolo Terme Ravenna Emilia-Romagna 5699
18%
Robbiate Lecco Lombardia 6248
18%
Rocca Imperiale Cosenza Calabria 3253
18%
Rolo Reggio Emilia Emilia-Romagna 4021
18%
Rosignano Marittimo Livorno Toscana 30138
18%
Quadri Chieti Abruzzo 734
14%
Qualiano Napoli Campania 24804
14%
Quattordio Alessandria Piemonte 1524
14%
Quiliano Savona Liguria 6934
14%
Quindici Avellino Campania 1888
14%
Quinto di Treviso Treviso Veneto 9945
14%
Quinto Vercellese Vercelli Piemonte 395
14%
Quinto Vicentino Vicenza Veneto 5902
14%
Quinzano d'Oglio Brescia Lombardia 6185
14%
Rabbi Trento Trentino-Alto Adige 1335
14%
Racconigi Cuneo Piemonte 9729
14%
Radda in Chianti Siena Toscana 1505
14%
Radicofani Siena Toscana 1071
14%
Radicondoli Siena Toscana 919
14%
Raiano L'Aquila Abruzzo 2658
14%
Regalbuto Enna Sicilia 6830
14%
Remedello Brescia Lombardia 3356
14%
Rescaldina Milano Lombardia 14057
14%
Rezzo Imperia Liguria 311
14%
Ribera Agrigento Sicilia 18058
14%
Ripatransone Ascoli Piceno Marche 4061
14%
Rocca di Neto Crotone Calabria 5345
14%
Roccafranca Brescia Lombardia 4792
14%
Rodengo Bolzano Trentino-Alto Adige 1269
14%
Rodengo-Saiano Brescia Lombardia 9868
14%
Roè Volciano Brescia Lombardia 4341
14%
Rogno Bergamo Lombardia 3849
14%
Romanengo Cremona Lombardia 3121
14%
Roncadelle Brescia Lombardia 9351
14%
Roncola Bergamo Lombardia 814
14%
Rosate Milano Lombardia 5799
14%
Rudiano Brescia Lombardia 5854
14%
Rufina Firenze Toscana 7165
14%
Quadrelle Avellino Campania 1833
9%
Quarrata Pistoia Toscana 26924
9%
Quarto d'Altino Venezia Veneto 8046
9%
Quartucciu Cagliari Sardegna 12864
9%
Quincinetto Torino Piemonte 997
9%
Quingentole Mantova Lombardia 1057
9%
Raccuja Messina Sicilia 899
9%
Racines Bolzano Trentino-Alto Adige 4576
9%
Raffadali Agrigento Sicilia 12260
9%
Ranica Bergamo Lombardia 5871
9%
Ranzanico Bergamo Lombardia 1212
9%
Reano Torino Piemonte 1763
9%
Rezzoaglio Genova Liguria 913
9%
Riva di Solto Bergamo Lombardia 899
9%
Rivamonte Agordino Belluno Veneto 619
9%
Rivarolo Mantovano Mantova Lombardia 2468
9%
Rivello Potenza Basilicata 2591
9%
Robecchetto con Induno Milano Lombardia 4775
9%
Robecco d'Oglio Cremona Lombardia 2252
9%
Robecco sul Naviglio Milano Lombardia 6758
9%
Robilante Cuneo Piemonte 2183
9%
Roccabernarda Crotone Calabria 3185
9%
Roccalbegna Grosseto Toscana 947
9%
Roccamena Palermo Sicilia 1388
9%
Roccapalumba Palermo Sicilia 2298
9%
Roccapiemonte Salerno Campania 8731
9%
Rocca Pietore Belluno Veneto 1174
9%
Rocca San Giovanni Chieti Abruzzo 2301
9%
Rocca Santa Maria Teramo Abruzzo 483
9%
Roccastrada Grosseto Toscana 8756
9%
Roccavione Cuneo Piemonte 2655
9%
Rodigo Mantova Lombardia 5254
9%
Rogliano Cosenza Calabria 5425
9%
Romana Sassari Sardegna 504
9%
Romano d'Ezzelino Vicenza Veneto 14172
9%
Roncegno Terme Trento Trentino-Alto Adige 2897
9%
Ronco Canavese Torino Piemonte 296
9%
Rorà Torino Piemonte 228
9%
Rossana Cuneo Piemonte 809
9%
Rotonda Potenza Basilicata 3282
9%
Rovegno Genova Liguria 500
9%
Rovello Porro Como Lombardia 6217
9%
Roverbella Mantova Lombardia 8725
9%
Quagliuzzo Torino Piemonte 327
5%
Quaranti Asti Piemonte 159
5%
Quaregna Cerreto Biella Piemonte 2038
5%
Quargnento Alessandria Piemonte 1352
5%
Quarna Sopra Verbano-Cusio-Ossola Piemonte 250
5%
Quarna Sotto Verbano-Cusio-Ossola Piemonte 376
5%
Quarona Vercelli Piemonte 3878
5%
Quassolo Torino Piemonte 338
5%
Quattro Castella Reggio Emilia Emilia-Romagna 13115
5%
Quintano Cremona Lombardia 890
5%
Raddusa Catania Sicilia 2875
5%
Ragalna Catania Sicilia 4083
5%
Ragogna Udine Friuli-Venezia Giulia 2810
5%
Rancio Valcuvia Varese Lombardia 904
5%
Ranco Varese Lombardia 1240
5%
Ranzo Imperia Liguria 545
5%
Rapagnano Fermo Marche 1945
5%
Rapino Chieti Abruzzo 1230
5%
Ravanusa Agrigento Sicilia 10574
5%
Ravarino Modena Emilia-Romagna 6194
5%
Raviscanina Caserta Campania 1194
5%
Realmonte Agrigento Sicilia 4379
5%
Recale Caserta Campania 7657
5%
Refrontolo Treviso Veneto 1696
5%
Reggello Firenze Toscana 16534
5%
Reino Benevento Campania 1110
5%
Reitano Messina Sicilia 733
5%
Resana Treviso Veneto 9407
5%
Resia Udine Friuli-Venezia Giulia 937
5%
Resuttano Caltanissetta Sicilia 1809
5%
Revello Cuneo Piemonte 4270
5%
Rezzago Como Lombardia 303
5%
Riardo Caserta Campania 2232
5%
Riccia Campobasso Molise 4962
5%
Riccò del Golfo di Spezia Spezia Liguria 3566
5%
Ricigliano Salerno Campania 1069
5%
Rignano Garganico Foggia Puglia 1905
5%
Rignano sull'Arno Firenze Toscana 8615
5%
Riofreddo Roma Lazio 733
5%
Riolunato Modena Emilia-Romagna 676
5%
Rio Saliceto Reggio Emilia Emilia-Romagna 5962
5%
Riparbella Pisa Toscana 1554
5%
Ripe San Ginesio Macerata Marche 819
5%
Riva del Po Ferrara Emilia-Romagna 7573
5%
Riva Ligure Imperia Liguria 2800
5%
Rivarolo Canavese Torino Piemonte 12302
5%
Rizziconi Reggio Calabria Calabria 7623
5%
Roana Vicenza Veneto 4181
5%
Robecco Pavese Pavia Lombardia 531
5%
Roburent Cuneo Piemonte 475
5%
Roccabascerana Avellino Campania 2299
5%
Roccabianca Parma Emilia-Romagna 2878
5%
Rocca d'Arce Frosinone Lazio 921
5%
Roccadaspide Salerno Campania 6910
5%
Rocca d'Evandro Caserta Campania 3032
5%
Rocca di Botte L'Aquila Abruzzo 848
5%
Rocca di Cave Roma Lazio 355
5%
Roccafiorita Messina Sicilia 182
5%
Roccafluvione Ascoli Piceno Marche 1926
5%
Roccaforzata Taranto Puglia 1801
5%
Roccagloriosa Salerno Campania 1595
5%
Rocca Grimalda Alessandria Piemonte 1430
5%
Roccalumera Messina Sicilia 3953
5%
Rocca Massima Latina Lazio 1088
5%
Roccamonfina Caserta Campania 3230
5%
Roccanova Potenza Basilicata 1345
5%
Roccantica Rieti Lazio 552
5%
Rocca Pia L'Aquila Abruzzo 181
5%
Rocca San Casciano Forlì-Cesena Emilia-Romagna 1766
5%
Rocca San Felice Avellino Campania 804
5%
Roccascalegna Chieti Abruzzo 1082
5%
Roccasecca dei Volsci Latina Lazio 1057
5%
Roccasparvera Cuneo Piemonte 739
5%
Roccaspinalveti Chieti Abruzzo 1208
5%
Roccaverano Asti Piemonte 376
5%
Roccavivara Campobasso Molise 653
5%
Rocchetta e Croce Caserta Campania 450
5%
Rocchetta Ligure Alessandria Piemonte 222
5%
Rocchetta Nervina Imperia Liguria 304
5%
Rocchetta Sant'Antonio Foggia Puglia 1736
5%
Rofrano Salerno Campania 1312
5%
Roghudi Reggio Calabria Calabria 952
5%
Romagnano al Monte Salerno Campania 385
5%
Roncofreddo Forlì-Cesena Emilia-Romagna 3416
5%
Rondanina Genova Liguria 59
5%
Rosciano Pescara Abruzzo 3977
5%
Roscigno Salerno Campania 657
5%
Roseto Capo Spulico Cosenza Calabria 1870
5%
Roseto Valfortore Foggia Puglia 1010
5%
Rosolini Siracusa Sicilia 20644
5%
Rosora Ancona Marche 1890
5%
Rossano Veneto Vicenza Veneto 8138
5%
Rossiglione Genova Liguria 2606
5%
Rosta Torino Piemonte 5044
5%
Rotella Ascoli Piceno Marche 834
5%
Rotello Campobasso Molise 1133
5%
Rotondella Matera Basilicata 2489
5%
Rotondi Avellino Campania 3449
5%
Rotzo Vicenza Veneto 646
5%
Rovellasca Como Lombardia 7971
5%
Roverchiara Verona Veneto 2659
5%
Roveredo di Guà Verona Veneto 1597
5%
Roveré Veronese Verona Veneto 2169
5%
Rovolon Padova Veneto 4906
5%
Rubano Padova Veneto 16721
5%
Ruffano Lecce Puglia 9411
5%
Ruoti Potenza Basilicata 3383
5%
Ruviano Caserta Campania 1733
5%
Ruvo del Monte Potenza Basilicata 993
5%
Rapone Potenza Basilicata 908
0%
Rassa Vercelli Piemonte 67
0%
Rasun-Anterselva Bolzano Trentino-Alto Adige 2948
0%
Rasura Sondrio Lombardia 290
0%
Ravascletto Udine Friuli-Venezia Giulia 497
0%
Raveo Udine Friuli-Venezia Giulia 444
0%
Reana del Rojale Udine Friuli-Venezia Giulia 4790
0%
Recetto Novara Piemonte 941
0%
Redavalle Pavia Lombardia 1032
0%
Redondesco Mantova Lombardia 1208
0%
Refrancore Asti Piemonte 1551
0%
Remanzacco Udine Friuli-Venezia Giulia 6110
0%
Renon Bolzano Trentino-Alto Adige 7986
0%
Resiutta Udine Friuli-Venezia Giulia 272
0%
Retorbido Pavia Lombardia 1546
0%
Revigliasco d'Asti Asti Piemonte 751
0%
Revine Lago Treviso Veneto 2109
0%
Rhêmes-Notre-Dame Aosta Valle d'Aosta 74
0%
Rhêmes-Saint-Georges Aosta Valle d'Aosta 165
0%
Ribordone Torino Piemonte 48
0%
Ricaldone Alessandria Piemonte 618
0%
Ricengo Cremona Lombardia 1746
0%
Rifiano Bolzano Trentino-Alto Adige 1380
0%
Rifreddo Cuneo Piemonte 1056
0%
Rigolato Udine Friuli-Venezia Giulia 385
0%
Rimella Vercelli Piemonte 128
0%
Rio di Pusteria Bolzano Trentino-Alto Adige 3212
0%
Riola Sardo Oristano Sardegna 2036
0%
Rionero Sannitico Isernia Molise 1033
0%
Ripabottoni Campobasso Molise 465
0%
Ripacandida Potenza Basilicata 1594
0%
Ripalimosani Campobasso Molise 3017
0%
Ripalta Arpina Cremona Lombardia 993
0%
Ripalta Cremasca Cremona Lombardia 3384
0%
Ripalta Guerina Cremona Lombardia 526
0%
Ripa Teatina Chieti Abruzzo 4002
0%
Ripi Frosinone Lazio 5093
0%
Rittana Cuneo Piemonte 108
0%
Rivalba Torino Piemonte 1124
0%
Rivalta Bormida Alessandria Piemonte 1361
0%
Rivalta di Torino Torino Piemonte 20127
0%
Rivanazzano Terme Pavia Lombardia 5169
0%
Riva presso Chieri Torino Piemonte 4734
0%
Rivara Torino Piemonte 2527
0%
Rivarolo del Re ed Uniti Cremona Lombardia 1842
0%
Rivarone Alessandria Piemonte 389
0%
Rivarossa Torino Piemonte 1542
0%
Rive d'Arcano Udine Friuli-Venezia Giulia 2380
0%
Rivergaro Piacenza Emilia-Romagna 7012
0%
Rivignano Teor Udine Friuli-Venezia Giulia 6174
0%
Rivodutri Rieti Lazio 1138
0%
Rivoli Veronese Verona Veneto 2182
0%
Roaschia Cuneo Piemonte 98
0%
Roascio Cuneo Piemonte 91
0%
Roasio Vercelli Piemonte 2283
0%
Roatto Asti Piemonte 369
0%
Robassomero Torino Piemonte 3042
0%
Robella Asti Piemonte 467
0%
Roccabruna Cuneo Piemonte 1525
0%
Rocca Canavese Torino Piemonte 1664
0%
Rocca Canterano Roma Lazio 184
0%
Roccacasale L'Aquila Abruzzo 611
0%
Rocca Cigliè Cuneo Piemonte 126
0%
Rocca d'Arazzo Asti Piemonte 915
0%
Rocca de' Baldi Cuneo Piemonte 1571
0%
Rocca de' Giorgi Pavia Lombardia 68
0%
Roccaforte del Greco Reggio Calabria Calabria 387
0%
Roccaforte Ligure Alessandria Piemonte 126
0%
Roccaforte Mondovì Cuneo Piemonte 2060
0%
Roccagiovine Roma Lazio 251
0%
Roccamandolfi Isernia Molise 871
0%
Roccamontepiano Chieti Abruzzo 1573
0%
Roccamorice Pescara Abruzzo 908
0%
Roccarainola Napoli Campania 6601
0%
Roccaromana Caserta Campania 841
0%
Rocca Santo Stefano Roma Lazio 951
0%
Roccasicura Isernia Molise 510
0%
Rocca Susella Pavia Lombardia 208
0%
Roccavaldina Messina Sicilia 1007
0%
Roccavignale Savona Liguria 761
0%
Roccella Valdemone Messina Sicilia 583
0%
Rocchetta a Volturno Isernia Molise 1081
0%
Rocchetta Belbo Cuneo Piemonte 154
0%
Rocchetta di Vara Spezia Liguria 677
0%
Rocchetta Palafea Asti Piemonte 352
0%
Rocchetta Tanaro Asti Piemonte 1377
0%
Rodano Milano Lombardia 4613
0%
Roddino Cuneo Piemonte 415
0%
Rodello Cuneo Piemonte 958
0%
Rodero Como Lombardia 1258
0%
Rodì Milici Messina Sicilia 1957
0%
Rogeno Lecco Lombardia 3071
0%
Roggiano Gravina Cosenza Calabria 6813
0%
Rognano Pavia Lombardia 638
0%
Rogolo Sondrio Lombardia 541
0%
Roiate Roma Lazio 663
0%
Roio del Sangro Chieti Abruzzo 95
0%
Roisan Aosta Valle d'Aosta 1015
0%
Roletto Torino Piemonte 1962
0%
Romagnano Sesia Novara Piemonte 3751
0%
Romagnese Pavia Lombardia 618
0%
Romano Canavese Torino Piemonte 2606
0%
Romans d'Isonzo Gorizia Friuli-Venezia Giulia 3706
0%
Rombiolo Vibo Valentia Calabria 4382
0%
Romeno Trento Trentino-Alto Adige 1384
0%
Romentino Novara Piemonte 5595
0%
Rometta Messina Sicilia 6420
0%
Roncaro Pavia Lombardia 1533
0%
Roncello Monza e della Brianza Lombardia 4762
0%
Ronchis Udine Friuli-Venezia Giulia 1948
0%
Ronchi Valsugana Trento Trentino-Alto Adige 460
0%
Ronco all'Adige Verona Veneto 5962
0%
Roncobello Bergamo Lombardia 413
0%
Ronco Biellese Biella Piemonte 1430
0%
Ronco Briantino Monza e della Brianza Lombardia 3532
0%
Roncoferraro Mantova Lombardia 6843
0%
Rondissone Torino Piemonte 1867
0%
Ronsecco Vercelli Piemonte 544
0%
Ronzo-Chienis Trento Trentino-Alto Adige 987
0%
Ronzone Trento Trentino-Alto Adige 439
0%
Roppolo Biella Piemonte 858
0%
Rosasco Pavia Lombardia 543
0%
Rosazza Biella Piemonte 104
0%
Rosello Chieti Abruzzo 202
0%
Rosignano Monferrato Alessandria Piemonte 1461
0%
Rota d'Imagna Bergamo Lombardia 902
0%
Rota Greca Cosenza Calabria 983
0%
Rottofreno Piacenza Emilia-Romagna 12211
0%
Roure Torino Piemonte 789
0%
Rovasenda Vercelli Piemonte 912
0%
Roveré della Luna Trento Trentino-Alto Adige 1658
0%
Roveredo in Piano Pordenone Friuli-Venezia Giulia 5942
0%
Rovescala Pavia Lombardia 870
0%
Rovetta Bergamo Lombardia 4077
0%
Roviano Roma Lazio 1258
0%
Rovito Cosenza Calabria 3053
0%
Rubiana Torino Piemonte 2352
0%
Ruda Udine Friuli-Venezia Giulia 2817
0%
Rueglio Torino Piemonte 777
0%
Ruffia Cuneo Piemonte 359
0%
Ruffré-Mendola Trento Trentino-Alto Adige 399
0%
Ruinas Oristano Sardegna 622
0%
Rumo Trento Trentino-Alto Adige 813
0%
Rutino Salerno Campania 779
0%
Nessun quiz corrispondente trovato
Distribuzione punteggi
Percentuale di utenti per punteggio
Percentile per numero di risposta
I tuoi punteggi nel tempo
Non hai fatto questo quiz